Montaigne en el dia del maestro (Registro nro. 486199)

Detalles MARC
001 - NÚMERO DE CONTROL
campo de control 1124293
005 - FECHA Y HORA DE LA ÚLTIMA TRANSACCIÓN
campo de control 20240918091007.0
008 - DATOS DE LONGITUD FIJA--INFORMACIÓN GENERAL
campo de control de longitud fija 090213e20080901 spa
035 ## - NÚMERO DE CONTROL DEL SISTEMA
Número de control de sistema 1124293
035 ## - NÚMERO DE CONTROL DEL SISTEMA
Número de control de sistema (OCoLC)820453624
040 ## - FUENTE DE LA CATALOGACIÓN
Centro/agencia transcriptor comduadb
041 ## - CÓDIGO DE LENGUA
Código de lengua del texto/banda sonora o título independiente spa
100 10 - ENTRADA PRINCIPAL--NOMBRE DE PERSONA
Nombre de persona Melo González, Jorge Orlando,
Fechas asociadas al nombre 1942-
Código de función aut
Número de control del registro de autoridad o número normalizado (isni)0000 0000 8108 340X
-- (viaf)29586396
Término indicativo de función/relación Autor/a
9 (RLIN) 268651
245 10 - MENCIÓN DE TÍTULO
Título Montaigne en el dia del maestro
650 ## - PUNTO DE ACCESO ADICIONAL DE MATERIA--TÉRMINO DE MATERIA
Término de materia o nombre geográfico como elemento de entrada Montaigne, Michel Eyquem de, 1533-1592 - Crítica e interpretación
9 (RLIN) 177481
650 ## - PUNTO DE ACCESO ADICIONAL DE MATERIA--TÉRMINO DE MATERIA
Término de materia o nombre geográfico como elemento de entrada Naturaleza
9 (RLIN) 9565
650 ## - PUNTO DE ACCESO ADICIONAL DE MATERIA--TÉRMINO DE MATERIA
Término de materia o nombre geográfico como elemento de entrada Observación (Método educativo)
9 (RLIN) 85877
650 #7 - PUNTO DE ACCESO ADICIONAL DE MATERIA--TÉRMINO DE MATERIA
Término de materia o nombre geográfico como elemento de entrada Antropología de la educación
Fuente del encabezamiento o término lemb
9 (RLIN) 10118
773 0# - ENLACE AL DOCUMENTO FUENTE/ENTRADA DE REGISTRO ANFITRIÓN
Título Número (Bogotá)
Parte(s) relacionada(s) No. 58, Sep.-Nov. 2008, p. 20-26
Número de control del registro 891880
Número Internacional Normalizado para Publicaciones Seriadas 0121-7828
Número bibliográfico anfitrión 327896
942 ## - ELEMENTOS DE ENTRADA AGREGADA (KOHA)
Tipo de ítem Koha Artículo de Revista

No hay ítems disponibles.